000 01299nam a2200241 a 4500
008 120416s1976 ||||||||||||||||| || u
020 _a0202060748
050 _aHB 171.5 Fri
100 _aFriedman, Milton
245 1 0 _aPrice theory
250 _aRev. ed.
260 _aNew York:
_bAldine Pub
_c1976
300 _ax, 357p.
350 _a0.00
500 _aInitial edition published in 1962 under title: "Price theory: a provisional text".
650 _aPRICE THEORY
650 0 _aECONOMICS
995 _aTEXTBOOKS (SB)
_D0.00
_e01502
_FCBU-SCHOOL TEXTBOOK COLLECTIONS
_H1
_I0.00
_jSCHOOL TEXTBOOK
_M4
_UAVAILABLE
_WSep 22, 2009
_y01502
_ZSchool Collections
995 _aTEXTBOOKS (SB)
_D0.00
_e01512
_FCBU-SCHOOL TEXTBOOK COLLECTIONS
_H1
_I0.00
_jSCHOOL TEXTBOOK
_M5
_UAVAILABLE
_WSep 22, 2009
_y01512
_ZSchool Collections
995 _aMAIN LIBRARY OPEN ACCESS
_D0.00
_e706088
_FCBU-MAIN LIBRARY (Kitwe)
_H2
_I0.00
_jHB 171.5 Fri
_M2
_UAVAILABLE
_y001906
_ZMain Library Open Access Collection
995 _aANNEX COLLECTION (Main Library)
_D0.00
_e706087
_FCBU-MAIN LIBRARY (Kitwe)
_H1
_I0.00
_jHB 171.5 Fri
_M3
_UAVAILABLE
_y001907
_ZAnnex Low-Usage Collection
995 _aMAIN LIBRARY OPEN ACCESS
_D0.00
_e706089
_FCBU-MAIN LIBRARY (Kitwe)
_H3
_I0.00
_jHB 171.5 Fri
_M1
_UAVAILABLE
_y001905
_ZMain Library Open Access Collection
999 _c77053
_d77053